00961ngm a2200325 4500003000400000005001700004007000500021008004100026010002000067024001000087035002000097040001300117082001300130245006400143260003200207300005100239440003200290538004900322538007900371650001900450700001600469700002200485700001700507700001500524700001800539700002000557700001900577700002000596700001900616dpl20100313110332.0DVD ||||||sp199 xxu|||||c ||| 00| 0 ng d  aDVD-006509-6517 c49.00 aDVD-006509-6517 aDPLcDPL aDVD AAKH aAakhri AdaalatcEagle Films Presentsh[videorecording] VCD/ bShemaroo Home Entertainment a2 videodisc VCD; bsd., col. ;c4 3/4 in.fVCD aShemaroo Home Entertainment aDolby Digital 5.1 - Hindi Subtitles: English aNTSC Format-All Regions, 16x9 Anamorphic (2:23.1 Aspect Ratio), Dual Layer aMotion Picture aMehra, F.C. aMehra, Parvesh C. aMehra, Rajiv aMalik, Anu aKhanna, Vinod aKapadia, Dimple aShroff, Jackie aGrover, Gulshan aRawal, Parvesh